000 01159nab a2200229 i 4500
001 768714001
003 CO-MdFUSB
005 20240806090010.0
008 240806t1997 -us||||| |||| 00| 0 eng d
040 _bspa
_cCO-MdFUSB
_dCO-MdFUSB
041 _aeng
100 _aMeek, Donald E.,
_eautor
245 _aProtestant missions and the evangelization of the Scottish Highlands, 1700–1850
_c/ Donald E. Meek
520 _aEste artículo destaca que la estrategia misionera internacional se puso a prueba durante las misiones iniciales en las Tierras Altas de Escocia. Las escuelas gaélicas fueron quizás la fuerza misionera más fuerte de las Tierras Altas. Varios sacerdotes de las Tierras Altas sirvieron como misioneros en Canadá y Australia.
546 _aTexto en inglés.
650 0 _aMisiones
_9154
650 0 _aEvangelización
_9362
650 7 _aAntropología cultural y social
_96714
773 0 _049483
_982893
_oR2738
_tInternational Bulletinof Missionary Research
_w(CO-MdFUSB)768714001
_x0272-6122
_gVolumen 21, (número 2, 1997), páginas: 67 - 72
_qpágina: 67
942 _cANA
945 _aCatherine Arias Álvarez - Practicante SENA
999 _c70738
_d70738